000 00469nam a2200181Ia 4500
003 GCL
008 140319s9999 xx 000 0 eng d
040 _aGCL /
_cGCL
082 0 4 _a005.754
_bK M
100 1 _aKENT, PETER
245 1 0 _a10 MINUTE GUIDE TO THE INTERNET /
_cKENT, PETER
260 _a[S.N] :
_bQUE CORPORATION ،
_c1994
300 _a162 P
650 0 4 _aشعر الحرب
650 0 4 _aINTERNET
650 0 4 _aINFORMATION - NETWORKS
942 _2ddc
_cBK
999 _c10668
_d10668